English Monarchs in Order by First Letter - Since 927 - Statistics

General Stats
  • This quiz has been taken 67 times
  • The average score is 23 of 55
Answer Stats
Dynasty Reign Monarch % Correct
House of Wessex 927–939 Æthelstan
62%
House of Normandy 1066–1087 William I
62%
House of Wessex (Restored again) 1042–1066 {Edward} the Confessor
59%
House of Godwin 1066–1066 {Harold} Godwinson
59%
House of Normandy 1087–1100 William II
59%
House of Wessex 978–1013 {Æthelred} the Unready
55%
House of Normandy 1100–1135 Henry I
52%
House of Plantagenat 1154–1189 Henry II
52%
House of Plantagenat 1199–1216 John
52%
House of Blois 1135–1154 Stephen
52%
House of Wessex 939–946 {Edmund} the Magnificent
48%
House of Windsor 2022 Charles III
45%
House of Plantagenat 1189–1199 Richard I
45%
House of Wessex 946–955 Eadred
41%
House of Wessex 955–959 {Eadwig} All-Fair
41%
House of Wessex 959–975 {Edgar} the Peaceful
41%
House of Wessex (Restored) 1016–1016 {Edmund} Ironside
41%
House of Plantagenat - York 1461–1470 Edward IV
41%
House of Wessex 975–978 {Edward} the Martyr
41%
House of Windsor 1936 Edward VIII
41%
House of Windsor 1952–2022 Elizabeth II
41%
House of Windsor 1936–1952 George VI
41%
House of Plantagenat - Lancaster 1399–1413 Henry IV
41%
House of Plantagenat - Lancaster 1422–1461 Henry VI
41%
House of Tudor 1509–1547 Henry VIII
41%
House of Denmark 1013–1014 {Sweyn} Forkbeard
41%
House of Hanover 1837–1901 Victoria
41%
House of Denmark (Restored) 1016–1035 {Cnut} the Great
38%
House of Plantagenat 2 1327–1377 Edward III
38%
House of Tudor 1547–1553 Edward VI
38%
House of Tudor 1558–1603 Elizabeth I
38%
House of Windsor 1910–1936 George V
38%
House of Denmark (Restored) 1035–1040 {Harold} Harefoot
38%
House of Denmark (Restored) 1040–1042 Harthacnut
38%
House of Plantagenat - Lancaster 1413–1422 Henry V
38%
House of Tudor 1485–1509 Henry VII
38%
House of Tudor 1553–1558 {Mary I} & Philip
38%
House of Plantagenat 2 1272–1307 Edward I
34%
House of Plantagenat 2 1307–1327 Edward II
34%
House of Plantagenat - York (Restored) 1483 Edward V
34%
House of Saxe-Coburg and Gotha 1901–1910 Edward VII
34%
House of Hanover 1727–1760 George II
34%
House of Hanover 1760–1820 George III
34%
House of Hanover 1820–1830 George IV
34%
House of Plantagenat 2 1216–1272 Henry III
34%
House of Stuart 1603–1625 James I
34%
House of Plantagenat 2 1377–1399 Richard II
34%
House of Stuart 2 1702–1714 Anne
31%
House of Stuart 1625–1649 Charles I
31%
House of Stuart 2 1660–1685 Charles II
31%
House of Hanover 1714–1727 George I
31%
House of Stuart 2 1685–1688 James II
31%
House of Plantagenat - York (Restored) 1483–1485 Richard III
31%
House of Stuart 2 1689–1702 William III & Mary II
31%
House of Hanover 1830–1837 William IV
31%
No matching quizzes found
Score Distribution
Percent of People with Each Score
Percentile by Number Answered
Your Score History
You have not taken this quiz